| 000 | 00582nam a2200145Ia 4500 | ||
|---|---|---|---|
| 008 | 100415s9999 xx 000 0 und d | ||
| 082 |
_b18111 _a595.789 |
||
| 100 | _aPollard E | ||
| 245 | _aMonitoring Butterflies for Ecology and Conservation : The British Butterfly Monitoring Scheme | ||
| 260 |
_aLONDON _c1993 _bCHAPMAN & HALL |
||
| 365 | _b0 | ||
| 630 | _aMonitoring Butterflies for Ecology and Conservation : The British Butterfly Monitoring Scheme | ||
| 730 | _aMonitoring Butterflies for Ecology and Conservation : The British Butterfly Monitoring Scheme | ||
| 942 | _cBOOK | ||
| 999 |
_c601008 _d601005 |
||